Determinación de especies de aves rapaces, en el área de abastecimiento de caña de azúcar (Sacharum officinarum) de la Cía. azucarera de los Mochis S. A. de C. V., susceptibles de ser utilizadas como control biológico en el manejo integrado de plagas

Tallennettuna:
Bibliografiset tiedot
Yhteisötekijä: e-libro, Corp
Muut tekijät: Quintero Romanillo, Alma Lorena
Aineistotyyppi: Artikkeli
Kieli:espanja
Julkaistu: Sinaloa : Universidad Autónoma Indígena de México, 2009.
Aiheet:
Linkit:https://elibro.unach.elogim.com/es/lc/unach/titulos/23666
Tagit: Lisää tagi
Ei tageja, Lisää ensimmäinen tagi!

MARC

LEADER 00000nab a2200000 a 4500
001 ELB23666
003 FlNmELB
006 m o d |
007 cr cn|||||||||
008 130805c20099999mx cr s 0 0spa d
022 |a 1665-0441 
035 |a (OCoLC)1105915290 
040 |a FlNmELB  |b spa  |c FlNmELB 
050 4 |a S495  |b D4795 2009 
080 |a 63 
082 0 4 |a 630  |2 23 
245 0 0 |a Determinación de especies de aves rapaces, en el área de abastecimiento de caña de azúcar (Sacharum officinarum) de la Cía. azucarera de los Mochis S. A. de C. V., susceptibles de ser utilizadas como control biológico en el manejo integrado de plagas  |h [recurso electronico]  |c Alma Lorena Quintero Romanillo ... [et al.]. 
260 |a Sinaloa :  |b Universidad Autónoma Indígena de México,  |c 2009. 
300 |a 239-245 pp. 
310 |a Cuatrimestral 
362 0 |a Vol. 5, No. 2 (2009) - 
533 |a Recurso electrónico. Santa Fe, Arg.: e-libro, 2015. Disponible vía World Wide Web. El acceso puede estar limitado para las bibliotecas afiliadas a e-libro. 
650 0 |a Agriculture. 
650 4 |a Agricultura. 
655 4 |a Artículos electrónicos. 
700 1 |a Quintero Romanillo, Alma Lorena. 
710 2 |a e-libro, Corp. 
773 0 |t Ra-Ximhai  |x 1665-0441 
856 4 0 |u https://elibro.unach.elogim.com/es/lc/unach/titulos/23666